剣持刀也がプレイしたゲーム(サドンデス) - Statistics

General Stats
  • This quiz has been taken 40 times
  • The average score is 2 of 15
Answers on the Grid
Answers color-coded by a green-red scale on the quiz's grid according to % correct below.
8番のりば
8番出口
A Dance of Fire and Ice
Apex Legends
Chained Together
DEEEER Simulator
Detroit: Become Human
ELDEN RING
Fall Guys
Gang Beasts
GeoGuessr
Getting Over It
Human Fall Flat
Lethal Company
Liar's Bar
NEEDY GIRL OVERDOSE
Only Up!
Papers, Please
POOLS
Project Winter
PUBG
R.E.P.O.
Refind Self
Vampire Survivors
ゴッドフィールド
スイカゲーム
スゴクツヨイトウフ
スプラトゥーン2
マリオカート8DX
孵道
 
Answer Stats
Answer % Correct
8番出口
91%
マリオカート8DX
36%
スイカゲーム
27%
スプラトゥーン2
18%
Papers, Please
9%
孵道
5%
Human Fall Flat
5%
PUBG
5%
R.E.P.O.
5%
Vampire Survivors
5%
Chained Together
0%
Detroit: Become Human
0%
Lethal Company
0%
NEEDY GIRL OVERDOSE
0%
Project Winter
0%
No matching quizzes found
Score Distribution
Percent of People with Each Score
Percentile by Number Answered
Your Score History
You have not taken this quiz